000 00490nam a2200157 i 4500
001 52362
003 ES-MaACL
005 20230906162553.0
007 t|
008 030828s1923 fr ||||1| fre d
100 1 _aDaudet, Léon.
_942803
245 1 2 _aL'hécatombe
_b: recits et souvenirs politiques : 1914-1918 /
_cLéon Daudet.
260 _aParis :
_bNouvelle Librairie Nationale,
_c1923 (
_fImp. speciale d'action française)
300 _a308 p. ;
_c19 cm.
852 _aES-MaACL
_jF-587
999 _c52362
_d52362